1152 1905 1817 1552 1640 1585 1854 1733 1011 1632 1535 1020 1596 1695 1209 1652 1741 1961 1350 1320 1589 1664 1303 1809 1186 1369 1481 1677 1627 1276 1308 1197 1486 1608 1672 1826 1834 1702 1887 1451 1952 1794 1209 1509 1842 1673 1714 1200 1027 1035 1736 1959 1350 1706 1171 1309 1977 1555 1574 1021 1849 1566 1564 1763 1574 1290 1660 1880 1910 1246 1742 1203 1660 1904 1822 1650 1619 1232 1983 1774 1794 1867 1314 1463 1331 1305 1265 1791 1267 1158 1620 1758 1023 1421 1986 1563 1260 1232 1176 BCNSPRNW ULIB Ver.6.0+V

เปลี่ยนเป็นภาษาไทย

Change to English
 แสดงรายละเอียดบรรณานุกรม
  กลับหน้าหลัก

Brief Record : Get Marc (ISO 2709) : E-mail record : QR code < ปิดหน้าต่าง
LEADER : 00000nas 2200000uu 4500
001    13399125913
003     ULIB
008    170927s2560||||th 000 0 tha d
022 0  ^a01257021
245 00 ^aวารสารพยาบาลศาสตร์และสุขภาพ=Journal of Nursing Science and Health/^bคณะพยาบาลศาสตร์ มหาวิทยาลัยขอนแก่น
310    ^aรายสามเดือน
850 ^a ULIB^bปีที่ 40 ฉบับที่ 2 ฉ.1 ;ปีที่ 40 ฉบับที่ 3 ฉ.1 ;ปีที่ 40 ฉบับที่ 4 ฉ.1
945    ^p0^l0^i904646
945    ^p0^l0^i904740
945    ^p0^l0^i904876
999    ^aประนอม เกษจรัล
รายการนี้ยังไม่มีแท็ก
คุณยังไม่ได้ล็อกอิน คุณสามารถมีกิจกรรมร่วมกับเว็บไซต์ได้ แต่ต้องล็อกอินก่อน ::
  ล็อกอิน

รายการสื่อสารสนเทศ (วารสาร)

ดูแบบ: กล่อง รายการ
ARRIVED
ปีที่ 40 ฉบับที่ 2 ฉ.1
สถานที่: ห้องสมุดวิทยาเขตสวรรค์ประชารักษ์ >หนังสือพิมพ์
ARRIVED
ปีที่ 40 ฉบับที่ 3 ฉ.1
สถานที่: ห้องสมุดวิทยาเขตสวรรค์ประชารักษ์ >วารสาร
ARRIVED
ปีที่ 40 ฉบับที่ 4 ฉ.1
สถานที่: ห้องสมุดวิทยาเขตสวรรค์ประชารักษ์ >หนังสือพิมพ์

BibComment


ยังไม่เคยถูกคอมเมนท์

คอมเมนท์ทรัพยากรรายการนี้
  คอมเมนท์: วารสารพยาบาลศาสต..


 Copyright 2026. Bcnsprnw @Library